Quantification of trace-element loading in the upper Tenmile Creek drainage basin near Rimini, Montana, September 2011 /

Bibliographic Details
Main Authors: Cleasby, Thomas E. (Author), Eldridge, Sara L. Caldwell (Author)
Corporate Author: Montana. Department of Environmental Quality
Format: Government Document eBook
Language:English
Published: Reston, Virginia : U.S. Department of the Interior, U.S. Geological Survey, 2020.
Series:Scientific investigations report ; 2019-5126.
Subjects:
Online Access:https://purl.fdlp.gov/GPO/gpo158675

MARC

Tag First Indicator Second Indicator Subfields
LEADER 00000cam a2200000 i 4500
001 in00004369713
005 20211216121114.0
006 m o d f
007 cr |||||||||||
008 210810s2020 vauab ob f000 0 eng c
035 |a (OCoLC)on1263240537 
042 |a pcc 
043 |a n-us-mt 
040 |a GPO  |b eng  |e rda  |e pn  |c GPO  |d MvI 
049 |a WWW 
074 |a 0624-B-02 (online) 
086 0 |a I 19.42/4-4:2019-5126 
100 1 |a Cleasby, Thomas E.,  |e author. 
245 1 0 |a Quantification of trace-element loading in the upper Tenmile Creek drainage basin near Rimini, Montana, September 2011 /  |c by Tom Cleasby and Sara L. Caldwell Eldridge. 
264 1 |a Reston, Virginia :  |b U.S. Department of the Interior, U.S. Geological Survey,  |c 2020. 
300 |a 1 online resource (viii, 40 pages) :  |b color illustrations, color maps. 
336 |a text  |b txt  |2 rdacontent 
337 |a computer  |b c  |2 rdamedia 
338 |a online resource  |b cr  |2 rdacarrier 
490 1 |a Scientific investigations report,  |x 2328-0328 ;  |v 2019-5126 
500 |a "Prepared in cooperation with the Montana Department of Environmental Quality." 
504 |a Includes bibliographical references (pages 39-40). 
588 |a Description based on online resource; title from PDF title page (USGS, viewed Aug. 8, 2021). 
650 0 |a Trace elements in water  |z Montana  |z Tenmile Creek (Lewis and Clark County) 
650 0 |a Streamflow  |z Montana  |z Tenmile Creek (Lewis and Clark County) 
650 0 |a Stream measurements  |z Montana  |z Tenmile Creek (Lewis and Clark County) 
650 0 |a Reclamation of land  |z Montana  |z Rimini. 
650 0 |a Mines and mineral resources  |z Montana  |z Rimini. 
650 0 |a Groundwater  |x Sampling  |z Montana  |z Tenmile Creek (Lewis and Clark County) 
700 1 |a Eldridge, Sara L. Caldwell,  |e author. 
710 2 |a Geological Survey (U.S.),  |e issuing body. 
710 1 |a Montana.  |b Department of Environmental Quality. 
830 0 |a Scientific investigations report ;  |v 2019-5126. 
856 4 0 |u https://purl.fdlp.gov/GPO/gpo158675  |t 0 
999 f f |s e364f323-2bc9-3176-aa4f-d986c0140d23  |i 4457469b-66b6-396e-b391-10beac124e03  |t 0 
952 f f |a Texas A&M University  |b College Station  |c Electronic Resources  |d Available Online  |t 0  |e I 19.42/4-4:2019-5126  |h Superintendent of Documents classification 
998 f f |a I 19.42/4-4:2019-5126  |t 0  |l Available Online